Sports Quiz

Random Sports or Football Quiz
Score 0/76 Timer 10:00
0 Plays Today
Nationality % Correct
EgyptMohamed Salah
94.8%
BrazilRoberto Firmino
93.7%
EnglandJordan Henderson
92.1%
SenegalSadio Mane
90.6%
BelgiumDivock Origi
89.6%
CroatiaDejan Lovren
88.5%
EnglandJames Milner
88.4%
ScotlandAndrew Robertson
86.5%
CameroonJoel Matip
86.3%
BelgiumSimon Mignolet
83.7%
BrazilFabinho
83.6%
EnglandTrent Alexander-Arnold
82.4%
BrazilAlisson
81.1%
BrazilPhilippe Coutinho
80.2%
GuineaNaby Keita
77.9%
EnglandAdam Lallana
76.3%
EnglandJoe Gomez
74.2%
NetherlandsGeorginio Wijnaldum
73.6%
SwitzerlandXherdan Shaqiri
73.5%
NetherlandsVirgil van Dijk
70.6%
EnglandCurtis Jones
68.1%
BrazilLucas Leiva
67%
GermanyEmre Can
65.5%
SpainAlberto Moreno
65%
GermanyLoris Karius
59.3%
BelgiumChristian Benteke
57.3%
EnglandNathaniel Clyne
57.2%
WalesHarry Wilson
57.1%
EnglandDaniel Sturridge
57.1%
EnglandRhian Brewster
55.8%
SlovakiaMartin Skrtel
55.6%
EnglandAlex Oxlade-Chamberlain
55.3%
SpainAdrian
54.9%
EstoniaRagnar Klavan
54%
FranceMamadou Sakho
51.5%
NetherlandsKi-Jana Hoever
49.2%
WalesBen Woodburn
48.6%
AustraliaBrad Smith
48.4%
Nationality % Correct
IrelandCaoimhin Kelleher
48.4%
WalesJoe Allen
45.4%
Ivory CoastKolo Toure
45.3%
EnglandHarvey Elliott
44%
WalesNeco Williams
41.2%
HungaryAdam Bogdan
36.7%
SerbiaMarko Grujic
35.8%
EnglandJordon Ibe
35.6%
NetherlandsSepp van den Berg
31.5%
EnglandRyan Kent
31.5%
EnglandDominic Solanke
29.8%
EnglandDanny Ings
29.2%
SpainPedro Chirivella
29.2%
EnglandSheyi Ojo
25.7%
EnglandHerbie Kane
23.5%
PortugalRafael Camacho
23.3%
WalesDanny Ward
22.3%
EnglandSteven Caulker
21.9%
EnglandJon Flanagan
19.3%
SpainJose Enrique
17.9%
EnglandKevin Stewart
17.5%
EnglandConnor Randall
15.2%
PortugalTiago Ilori
14.7%
EnglandJerome Sinclair
14.5%
EnglandOvie Ejaria
14.2%
PortugalJoao Carlos Teixeira
13.6%
EnglandJordan Rossiter
12.3%
EnglandCameron Brannagan
11.9%
EnglandLuis Longstaff
9.4%
WalesMorgan Boyes
8.7%
SpainSergi Canos
8.7%
ScotlandTony Gallacher
8.6%
WalesIsaac Christie-Davies
8.2%
EnglandTom Hill
8%
EnglandLeighton Clarkson
6%
EnglandJoe Maguire
5.8%
EnglandJack Bearne
5%
EnglandJames Norris
4.8%
Remove Ads.
Support Sporcle.
Get the best of Sporcle when you Go Orange. This ad-free experience offers more features, more stats, and more fun while also helping to support Sporcle. Thank you for becoming a member.

You're not logged in!

Compare scores with friends on all Sporcle quizzes.
OR
Log In

Show Comments

Extras

Created Sep 26, 2019ReportNominate
Tags:Football Quiz

Top Quizzes Today


Score Distribution

Your Account Isn't Verified!

In order to create a playlist on Sporcle, you need to verify the email address you used during registration. Go to your Sporcle Settings to finish the process.

Report this User

Report this user for behavior that violates our Community Guidelines.

Details: